| 000 -LEADER |
| fixed length control field |
00330nam a22001457a 4500 |
| 008 - FIXED-LENGTH DATA ELEMENTS--GENERAL INFORMATION |
| fixed length control field |
240205b ||||| |||| 00| 0 eng d |
| 020 ## - INTERNATIONAL STANDARD BOOK NUMBER |
| International Standard Book Number |
0683077007 |
| 041 ## - LANGUAGE CODE |
| Language code of text/sound track or separate title |
eng |
| 080 ## - UNIVERSAL DECIMAL CLASSIFICATION NUMBER |
| Edition identifier |
1985 |
| Universal Decimal Classification number |
616 |
| 082 ## - DEWEY DECIMAL CLASSIFICATION NUMBER |
| Classification number |
616SHI |
| 100 ## - Rafti |
| Rafti |
11.2 |
| 101 ## - Shkurtesa |
| Shkurtesa |
REUMATOLOGJI |
| 245 ## - TITLE STATEMENT |
| Title |
RHEUMATIC DISEASES |
| Statement of responsibility, etc |
MICHAEL SHIPLEY |
| 942 ## - ADDED ENTRY ELEMENTS (KOHA) |
| Source of classification or shelving scheme |
|
| Item type |
Books |